Geografia per Lettere - A - Statistics

Statistiche generali
  • Questo quiz è stato fatto 292 volte
  • Il punteggio medio è 14 su 20
Statistiche sulle risposte
Categoria Risposta % Corretto
Stato Europeo Albania - Andorra - Austria
100%
Continente Asia - Africa - America del Nord - America del Sud - Antartide
100%
Oceano Atlantico - Artico - Antartico
100%
Stato USA Alabama - Arizona - Alaska - Arkansas
96%
Capitale Europea Amsterdam - Andorra la Vella - Atene
89%
Stato Africano Algeria - Angola
87%
Catena Montuosa* Ande - Appalachi - Appennini - Alpi
87%
Stato Asiatico Afghanistan - Arabia Saudita - Armenia - Azerbaigian
85%
Stato Sud Americano Argentina
85%
Città che ha Ospitato un'Olimpiade Atene - Anversa - Amsterdam - Atlanta - Albertville
82%
Capitale Africana Abuja - Accra - Addis Abeba - Algeri - Antananarivo - Asmara
77%
Stato Oceaniano Australia
73%
Stato Nord Americano Antigua e Barbuda
70%
Capitale Asiatica Abu Dhabi - Al Kuwait - Amman - Ankara - Aşgabat - Astana
63%
Capitale di uno Stato USA Albany - Annapolis - Atlanta - Augusta - Austin
59%
Capitale Sud Americana Asunción
58%
Provincia Canadese Alberta
36%
Deserto* Atacama - Artide - Antartide
28%
Capitale Oceaniana Apia
27%
Fiume* Aldan - Amu Darya - Amur Argun' - Anadyr' - Angara - Araguaia - Arkansas - Athabasca - Amur
15%
Nessun quiz corrispondente trovato
Distribuzione punteggi
Percentuale di utenti per punteggio
Percentile per numero di risposta
I tuoi punteggi nel tempo
Non hai fatto questo quiz